| 000 | 00641nam a2200205Ia 4500 | ||
|---|---|---|---|
| 003 | GCL | ||
| 008 | 140319s9999 xx 000 0 ara d | ||
| 040 |
_aGCL / _cGCL |
||
| 082 | 0 | 4 |
_a842 _bد ك |
| 100 | 1 | _aمحمد مندور | |
| 245 | 1 | 0 |
_aكرنفال الاشباح / _cمحمد مندور |
| 700 | 1 | _aاحمد محمد رضا | |
| 700 | 1 | _aدوكوبرا، موريس | |
| 300 | _a173 ص | ||
| 490 |
_aروائع المسرح العالمى _v0 |
||
| 650 | 0 | 4 | _aالادب الفرنسى |
| 650 | 0 | 4 | _aالادب الفرنسى المترجم |
| 650 | 0 | 4 | _aالمسرحيات الفرنسية المترجمة |
| 942 |
_2ddc _cBK |
||
| 999 |
_c51744 _d51744 |
||